000 00722nam a22002177a 4500
005 20171017112302.0
010 _aB-516170-177 ENG-120540
020 _a8188594261
_c325.00
035 _aB-516170-177
035 _aEN-104072
037 _adpl
_bJanvani Prakashan/Ven
037 _bDBAD/PUB
082 _a302.2
100 _aTiwari, Reema
245 _aEffective communication skills/
_cby Reema Tiwari
260 _aDelhi
_bMagpie Publishers
_c2011
270 _aM-72, Punchsheel Garden Navin Shahdara
_bDelhi
_e110032
300 _a112p.:
_bill
_c21cm(Hb)
942 _2ddc
_cCH
_h302.2
_mTIW
999 _c83112
_d83112